[Event "6th ch-EURw"]
[Site "Chisinau MDA"]
[Date "2005.06.16"]
[Round "6"]
[White "Mar,K"]
[Black "Cherednichenko,E"]
[Result "1/2-1/2"]
[WhiteElo "2119"]
[BlackElo "1969"]

1.e4 d6 2.d4 Nf6 3.Nc3 e5 4.Nf3 Nbd7 5.Bc4 Be7 6.O-O O-O 7.Re1 c6 8.a4 a5
9.b3 b6 10.d5 c5 11.Bd3 Ne8 12.Nd2 Nb8 13.Nc4 f5 14.exf5 Bxf5 15.Bxf5 Rxf5
16.Qg4 Rf7 17.f4 exf4 18.Bxf4 Nd7 19.Nb5 Nf8 20.Bg3 Rb8 21.Na7 Qc7 22.Nc6 Rb7
23.Nxe7+ Rxe7 24.Rxe7 Qxe7 25.Re1 Qd8 26.Qe2 Rb8 27.Qf3 Ng6 28.Rf1 Qe7 29.h4 Nh8
30.h5 Nf7 31.Bh4 Qd7 32.Re1 Nh6 33.Rf1 Qf7 34.Qe4 Qxh5 35.Qe6+ Nf7 36.Nxb6 Nc7
37.Qd7 Nxd5 38.Nc8 Nf6 39.Bxf6 gxf6 40.Rf3 Qh4 41.Re3 Qd4 42.Qe8+ Kg7 43.Kh2 Rb7
44.Ne7 Rxe7 45.Qxe7 Kg6 46.Rg3+ Ng5 47.Qe8+ Kg7 48.Qd7+ Kg6 49.Qe8+ Kg7 50.Qe3 Qd1
51.Qd3 Qxd3 52.Rxd3 Ne4 53.Re3 f5 54.g4 Nf2 55.Re7+ Kf6 56.Rxh7 Nxg4+ 57.Kg3 Ne3
58.Ra7 Nxc2 59.Rxa5 Nd4 60.Ra6 Nxb3 61.Rxd6+ Ke5 62.Rb6 c4 63.Rb5+ Kd4 64.Rxf5 c3
65.Rf2 Kd3 66.Rf3+ Kd2 67.Rf2+ Kd3 68.Rf3+ Kd2 69.Kf4 c2 70.Rf2+ Kc3 71.Rf1 Kb4
72.Ke3  1/2-1/2

[Event "Open"]
[Site "Mielo POL"]
[Date "2005.06.16"]
[Round "7"]
[White "Motyka,M"]
[Black "Sokolowski,Ry"]
[Result "1-0"]
[WhiteElo "2229"]
[BlackElo "2205"]

1.d4 d6 2.e4 Nf6 3.Nc3 e5 4.Nf3 Nbd7 5.Bc4 Be7 6.O-O O-O 7.Re1 c6 8.a4 b6
9.Ba2 Bb7 10.h3 a6 11.dxe5 dxe5 12.Nh4 Ne8 13.Nf5 Bf6 14.Qg4 Kh8 15.Rd1 Bc8
16.Be3 Qc7 17.Qf3 b5 18.g4 b4 19.Nb1 c5 20.Nd2 a5 21.Nc4 Ra6 22.Rd2 g6 23.Nh6 Kg7
24.Rad1 Nb8 25.Qg3 Be6 26.f4 Be7 27.f5 Bc8 28.g5 f6 29.gxf6+ Raxf6 30.Ng4 Nc6
31.Bh6+ Kh8 32.Nxf6 Rxf6 33.c3 Ng7 34.Ne3 Nh5 35.Qg2 Qa7 36.Bc4 Nf4 37.Qg4 Ba6
38.Rd7 Qa8 39.Bg5 Rf7 40.Bxf4 Bxc4 41.Nxc4 gxf5 42.exf5 Rg7 43.Nxe5 Rxg4+
44.hxg4 Bh4 45.Nf7+ Kg8 46.Nh6+ Kh8 47.g5 c4 48.Rd8+  1-0

[Event "6th ch-EURw"]
[Site "Chisinau MDA"]
[Date "2005.06.17"]
[Round "7"]
[White "Zdebskaja,N"]
[Black "Velikhanli,F"]
[Result "1-0"]
[WhiteElo "2344"]
[BlackElo "2303"]

1.e4 d6 2.d4 Nf6 3.Nc3 c6 4.f4 Qa5 5.Bd3 Bg4 6.Nf3 e5 7.Be3 Nbd7 8.O-O Be7
9.h3 Bxf3 10.Qxf3 O-O 11.Ne2 c5 12.c3 cxd4 13.cxd4 Bd8 14.g4 Rc8 15.g5 Ne8
16.Qg4 Rc7 17.a3 exf4 18.Bxf4 Qb6 19.Kh1 Qb3 20.Qg3 Rc8 21.Kh2 g6 22.h4 d5
23.exd5 Qxd5 24.Rac1 Rxc1 25.Rxc1 Ng7 26.Bc4 Qe4 27.Qg2 Qxg2+ 28.Kxg2 Nb6
29.Bb3 Nf5 30.Kh3 Re8 31.Be5 h6 32.h5 Bxg5 33.Rc7 Re7 34.hxg6 Rxc7 35.Bxc7 Kf8
36.gxf7 h5 37.Nf4 Bxf4 38.Bxf4 Nc8 39.Be6 Ncd6 40.d5 Ke7 41.Bg5+ Kf8 42.Bd2 b6
43.a4 Ne4 44.Bb4+ Nfd6 45.Kh4 Nc5 46.Kxh5 a5 47.Bxc5 bxc5 48.Kg6 c4 49.Kf6 c3
50.bxc3 Nxf7 51.Bd7 Nd6 52.Ke6 Ne4 53.c4 Nc5+ 54.Kd6 Ne4+ 55.Kc6 Ke7 56.Bf5 Nc3
57.Kc7 Nxa4 58.d6+  1-0

[Event "6th ch-EURw"]
[Site "Chisinau MDA"]
[Date "2005.06.17"]
[Round "7"]
[White "Sebag,M"]
[Black "Stepovaia Dianchenko,T"]
[Result "1/2-1/2"]
[WhiteElo "2417"]
[BlackElo "2348"]

1.e4 d6 2.d4 Nf6 3.Nc3 e5 4.Nf3 Nbd7 5.Bc4 Be7 6.O-O O-O 7.Re1 c6 8.a4 b6
9.Bg5 h6 10.Bxf6 Bxf6 11.d5 c5 12.a5 bxa5 13.Nd2 Nb6 14.Bb5 Bg5 15.Nb3 a4
16.Na5 f5 17.Be2 g6 18.Bf3 Qf6 19.Qe2 a6 20.Nc6 Kg7 21.Rf1 h5 22.Nxa4 Nxa4
23.Rxa4 h4 24.h3 Bf4 25.Kh1 Rf7 26.Rfa1 Qg5 27.c3 Bb7 28.Na5 Rb8 29.b4 Bd2
30.bxc5 Bxc3 31.Rb1 dxc5 32.Qc2 Bb4 33.Nc4 Qf6 34.Rd1 Rd8 35.Ne3 a5 36.Raa1 Bc8
37.Nc4 Bd7 38.Nxa5 fxe4 39.Bxe4 Qxf2 40.Qxf2 Rxf2 41.Nc6 Re8 42.d6 Bxc6 43.Bxc6 Rd8
44.d7 Rd2 45.Rxd2 Bxd2 46.Kg1 Kf6 47.Kf1 Ke7 48.Ke2 Bg5 49.Ra5 Kd6 50.Ra6 c4
51.Be4+  1/2-1/2

[Event "Open"]
[Site "Mielo POL"]
[Date "2005.06.19"]
[Round "10"]
[White "Szczepinski,M"]
[Black "Sokolowski,Ry"]
[Result "0-1"]
[WhiteElo "2219"]
[BlackElo "2205"]

1.e4 d6 2.d4 Nf6 3.Nc3 e5 4.Nf3 Nbd7 5.Bc4 Be7 6.O-O O-O 7.Qe2 c6 8.a4 exd4
9.Nxd4 Re8 10.Be3 Bf8 11.f3 d5 12.exd5 Nb6 13.Ba2 Bb4 14.Qf2 Bxc3 15.bxc3 Nbxd5
16.Bd2 c5 17.Ne2 b6 18.Bc4 Bf5 19.Bg5 Qc7 20.Rad1 Be6 21.Bb5 Red8 22.Bd3 h6
23.Bh4 g5 24.Bg3 Qc6 25.Be5 Nd7 26.Bb5 Qb7 27.Bxd7 Rxd7 28.c4 Ne7 29.Ng3 f5
30.Nh5 Kf7 31.Qe2 Rad8 32.Rxd7 Qxd7 33.Bc3 Nc6 34.Re1 Qd6 35.h4 Nd4 36.Qf2 Kg6
37.Ng3 Bxc4 38.h5+ Kf6 39.Qe3 Kf7 40.Bxd4 cxd4 41.Qe5 Qxe5 42.Rxe5 f4 43.Ne4 Be6
44.Rb5 Ke7 45.Kf2 Rc8 46.Rb2 Bd7 47.Ra2 Rc4 48.a5 bxa5 49.Rxa5 Rxc2+ 50.Kf1 a6
51.Re5+ Kf8 52.Rd5 Bb5+ 53.Kg1 d3 54.Rd8+ Ke7 55.Rd5 Bc4 56.Rd4 a5 57.Nd6 Ba6
58.Nf5+ Ke6 59.Nxh6 d2 60.Kh2 Be2 61.Re4+ Kd5 62.Rxe2 d1=Q  0-1

[Event "Open"]
[Site "Salsomaggiore ITA"]
[Date "2005.06.20"]
[Round "1"]
[White "Salati,P"]
[Black "Luciani,V"]
[Result "0-1"]
[WhiteElo "1949"]
[BlackElo "2241"]

1.e4 d6 2.d4 Nf6 3.Nc3 c6 4.Nf3 Bg4 5.h3 Bh5 6.Be2 e6 7.O-O d5 8.exd5 cxd5
9.Ne5 Bxe2 10.Qxe2 Nc6 11.Qb5 Qc8 12.Bg5 Be7 13.Rfe1 a6 14.Qd3 O-O 15.Rad1 Re8
16.a3 b5 17.Ne2 Qc7 18.Ng3 Rac8 19.c3 h6 20.Bxf6 Bxf6 21.Qe2 Bxe5 22.dxe5 Qb8
23.Nh5 Ne7 24.Qg4 Ng6 25.Rd4 Rc4 26.Re3 Rec8 27.Qg3 a5 28.Rg4 Rxg4 29.Qxg4 Rc4
30.Qe2 b4 31.cxb4 axb4 32.Rb3 Nxe5 33.Qd2 Qc7 34.Rxb4 Rc1+  0-1

[Event "Open"]
[Site "Salsomaggiore ITA"]
[Date "2005.06.20"]
[Round "2"]
[White "Pegoraro,N"]
[Black "Molina,Fa"]
[Result "0-1"]
[WhiteElo "2082"]
[BlackElo "2257"]

1.e4 d6 2.d4 Nf6 3.Nc3 Nbd7 4.Be3 e5 5.f3 Be7 6.Qd2 a6 7.Nh3 exd4 8.Bxd4 O-O
9.Nf4 c6 10.O-O-O Qc7 11.g4 Ne5 12.Qf2 b5 13.Kb1 a5 14.g5 Nfd7 15.Nh5 b4
16.Na4 c5 17.Be3 Bb7 18.Bb5 Bc6 19.Bxc6 Qxc6 20.b3 Nb6 21.Nxb6 Qxb6 22.Rhg1 Ng6
23.Ng3 Rfc8 24.Nf5 Bf8 25.h4 a4 26.h5 axb3 27.cxb3 Ne5 28.f4 Nc4 29.bxc4 b3
30.Rd2 Rcb8 31.Rb2 Rxa2 32.Qd2 g6 33.hxg6 hxg6 34.Nh6+ Bxh6 35.gxh6 Qb7 36.h7+ Kxh7
37.Qd5 Qa7 38.Kc1 Rxb2  0-1

[Event "Open"]
[Site "Voronezh RUS"]
[Date "2005.06.20"]
[Round "8"]
[White "Kostin,Alexe"]
[Black "Chernyshov,K"]
[Result "0-1"]
[WhiteElo "2388"]
[BlackElo "2531"]

1.e4 d6 2.d4 Nf6 3.Nc3 c6 4.Be2 g6 5.Nf3 Bg4 6.Be3 Bg7 7.Qd2 O-O 8.h3 Bxf3
9.Bxf3 Nbd7 10.O-O-O Rc8 11.Bg4 e6 12.f4 b5 13.e5 b4 14.exf6 bxc3 15.Qxc3 Nxf6
16.Bf3 Nd5 17.Bxd5 cxd5 18.Qa3 Qb6 19.Rd2 Rc4 20.Rhd1 Rfc8 21.c3 Rb8 22.Rc2 Qc6
23.Qxa7 Ra8 24.Qe7 Bf8 25.Qh4 Rxa2 26.f5 exf5 27.Bh6 Bxh6+ 28.Qxh6 Qb5 29.Qh4 Rc8
30.Qf2 Re8 31.Qf3 f4 32.Qf2 Re3 33.Rcd2 Ra1+ 34.Kc2 Qa4+  0-1

[Event "6th ch-EURw"]
[Site "Chisinau MDA"]
[Date "2005.06.21"]
[Round "10"]
[White "Molchanova,T"]
[Black "Ionescu,I"]
[Result "0-1"]
[WhiteElo "2315"]
[BlackElo "2252"]

1.e4 d6 2.d4 Nf6 3.Nc3 e5 4.dxe5 dxe5 5.Qxd8+ Kxd8 6.Bc4 Be6 7.Bxe6 fxe6
8.Bg5 Bd6 9.O-O-O Ke7 10.h3 Nc6 11.Nge2 h6 12.Be3 a6 13.g4 Rad8 14.Rdg1 Kf7
15.h4 b5 16.f3 Nd4 17.Bxd4 exd4 18.Nd1 c5 19.Nf2 c4 20.f4 Bc5 21.Rg2 d3 22.cxd3 cxd3
23.Nc3 Bxf2 24.Rxf2 b4 25.Nb1 Nxe4 26.Rg2 Rd4 27.Nd2 Rc8+ 28.Kb1 Rc2 29.Rd1 Nc3+
30.bxc3 bxc3 31.Rg3 Rxd2 32.Rxd2 cxd2 33.Rg1 Re4  0-1

[Event "6th ch-EURw"]
[Site "Chisinau MDA"]
[Date "2005.06.21"]
[Round "10"]
[White "Zozulia,A"]
[Black "Cherednichenko,S"]
[Result "1/2-1/2"]
[WhiteElo "2343"]
[BlackElo "2230"]

1.e4 d6 2.d4 Nf6 3.Nc3 e5 4.Nf3 Nbd7 5.Bc4 Be7 6.O-O O-O 7.Re1 c6 8.a4 a5
9.h3 Qc7 10.Ba2 b6 11.Bg5 Bb7 12.Qd2 Rad8 13.Nh4 Rfe8 14.Nf5 Bf8 15.Rad1 d5
16.exd5 cxd5 17.dxe5 Rxe5 18.Rxe5 Qxe5 19.Nd4 Bb4 20.Re1 Qb8 21.Nf5 Re8 22.Re3 Rxe3
23.Qxe3 Bc5 24.Qe2 h6 25.Bd2 Qe5 26.Qxe5 Nxe5 27.Bf4 Ng6 28.Bc7 Nf8 29.Nd6 Bc6
30.Nc8 N8d7 31.Bd6 Bxd6 32.Nxd6 Kf8 33.Nc8 Bb7 34.Na7 Ke7 35.Nab5 Ke6 36.f3 Ke5
37.Kf2 Nc5 38.Ke3 Ne6 39.Ne2 g5 40.Nbd4 Nh5 41.c3 Nc5 42.b3 Nf4 43.g3 Nxe2
44.Nxe2 Bc8 45.f4+ gxf4+ 46.Nxf4 Ne4 47.Bb1 Nxc3 48.Bd3 f5 49.Ng6+ Kd6 50.Kf4 d4
51.Nh4 Nd5+ 52.Kf3 Ke5 53.Ng6+ Kf6 54.Nh4 Be6 55.Bc4 Nb4 56.Ke2 Bd7 57.Nf3 Nc6
58.Bb5 Nb8 59.Nxd4 Ke5 60.Ke3 Bxb5 61.Nxb5 Nd7 62.Na3 Nc5 63.Nc4+ Kf6 64.Nxb6 Nxb3
65.Nc4 Nc5 66.Nxa5 Nxa4 67.Nb3 Nc3 68.Nc5 Nd1+ 69.Kf4 Nc3 70.Nd3 Ne2+ 71.Kf3 Nd4+
72.Ke3 Ne6 73.h4 Nc7 74.Nf4 Nb5 75.Nd5+ Ke6 76.Nb4 Nc3 77.Nd3 Kf6 78.Nc5 Ke5
79.Nd3+ Kf6 80.Kf4 Ne2+ 81.Kf3 Nc3 82.Nb2 Ke5 83.Nc4+ Kf6 84.Ne3 Ke5 85.g4 fxg4+
86.Nxg4+ Kf5 87.Nxh6+ Kg6 88.Ng4 Kh5 89.Kg3 Ne2+ 90.Kf2 Kxg4 91.Kxe2 Kxh4  1/2-1/2

[Event "Open"]
[Site "Salsomaggiore ITA"]
[Date "2005.06.21"]
[Round "4"]
[White "Di Paolo,R"]
[Black "Molina,Fa"]
[Result "1/2-1/2"]
[WhiteElo "2284"]
[BlackElo "2257"]

1.e4 d6 2.d4 Nf6 3.Nc3 Nbd7 4.f4 e5 5.Nf3 exd4 6.Qxd4 c6 7.e5 dxe5 8.fxe5 Bc5
9.Qh4 Qe7 10.Bf4 Ng4 11.Qxe7+ Kxe7 12.Bg5+ Kf8 13.Ne4 Be3 14.e6 fxe6 15.h3 Bxg5
16.Nfxg5 Ngf6 17.Nxe6+ Ke7 18.Nxf6 Nxf6  1/2-1/2

[Event "White Nights"]
[Site "St Petersburg RUS"]
[Date "2005.06.21"]
[Round "4"]
[White "Orlov,Va"]
[Black "Krasnov,Vas"]
[Result "1-0"]
[WhiteElo "2430"]
[BlackElo "2208"]

1.e4 d6 2.d4 Nf6 3.Nc3 e5 4.Nf3 Nbd7 5.g3 Be7 6.Bg2 O-O 7.O-O Re8 8.h3 c6
9.a4 a5 10.Be3 Qc7 11.Qd2 Bf8 12.Nh4 Nb6 13.b3 c5 14.d5 Bd7 15.f4 c4 16.Rac1 Rac8
17.Kh2 Rb8 18.Nf5 Bxf5 19.exf5 Nbd7 20.g4 exf4 21.Rxf4 Ne5 22.g5 Nfd7 23.Bf1 cxb3
24.cxb3 Nc5 25.Rb1 Rbc8 26.Bd4 Qd8 27.Qg2 f6 28.gxf6 Qxf6 29.Bb5 Re7 30.Bxc5 Rxc5
31.Ne4 Qh6 32.Rbf1 Rc8 33.Qg3 Nf7 34.Rh4 Rxe4 35.Rxh6 Nxh6 36.Bd3 Re5 37.Re1 Rce8
38.Rxe5 Rxe5 39.Qf2 Be7 40.Qa7 Nf7 41.Qa8+ Nd8 42.Qxa5 Re3 43.Bc4 h5 44.Qb6 Rf3
45.Qc7 Kf7 46.Qd7 h4 47.Kg2 Re3 48.b4 Kf6 49.a5 Rg3+ 50.Kh2 Re3 51.b5 Kg5
52.a6 bxa6 53.bxa6 Bf6 54.Qa4 Be5+ 55.Kg2 Rg3+ 56.Kf1 Bd4 57.a7 Bxa7 58.Qxa7 Kf4
59.Qe7 Rxh3 60.Qxd6+ Kf3 61.Qa3+ Kg4 62.Be2+  1-0

[Event "6th ch-EURw"]
[Site "Chisinau MDA"]
[Date "2005.06.22"]
[Round "11"]
[White "Muzychuk,M"]
[Black "Eidelson,R"]
[Result "1/2-1/2"]
[WhiteElo "2059"]
[BlackElo "2268"]

1.e4 d6 2.d4 Nf6 3.Nc3 c6 4.f3 b5 5.Be3 b4 6.Nce2 Nbd7 7.Qd2 Nb6 8.Qxb4 d5
9.e5 e6 10.Qc3 Nfd7 11.b3 Be7 12.Nf4 Qc7 13.Bd3 O-O 14.Nge2 a5 15.a3 c5 16.O-O Ra7
17.Ng3 cxd4 18.Qxc7 Rxc7 19.Bxd4 Bc5 20.Bxc5 Nxc5 21.b4 Nxd3 22.cxd3 axb4
23.axb4 Bd7 24.Ra5 Rfc8 25.Nge2 f6 26.exf6 gxf6 27.Ra6 Rb7 28.Rc1 Kf7 29.Rc5 e5
30.Nh5 d4 31.Nhg3 Rxc5 32.bxc5 Nd5 33.c6 Rb1+ 34.Kf2 Nb4 35.Ra3 Bxc6 36.Ne4 Bxe4
37.fxe4 Rd1 38.Ra7+ Kg6 39.Ng3 Rd2+ 40.Kf1 Nxd3 41.Nf5 Rf2+ 42.Kg1 Rxf5 43.exf5+ Kxf5
44.Rxh7 e4 45.Kf1 e3 46.Rh4 Ke5 47.g3 Nc1 48.Rh8 Ke4 49.Rc8 Nb3 50.h4 Kf3
51.Rd8 e2+ 52.Ke1 Na1 53.Kd2 Nb3+ 54.Ke1 Na1 55.Kd2  1/2-1/2

[Event "6th ch-EURw"]
[Site "Chisinau MDA"]
[Date "2005.06.22"]
[Round "11"]
[White "Repkova,E"]
[Black "Ivanova Skripova,T"]
[Result "1-0"]
[WhiteElo "2392"]
[BlackElo "2205"]

1.e4 d6 2.d4 Nf6 3.Nc3 c6 4.f4 Qa5 5.e5 dxe5 6.fxe5 Nd5 7.Bd2 Nxc3 8.Bxc3 Qd5
9.Qf3 Be6 10.Bd3 Qd7 11.Ne2 Bg4 12.Qf2 e6 13.Ng3 h5 14.Qf4 c5 15.h3 cxd4
16.Qxd4 Qxd4 17.Bxd4 Nc6 18.Bc3 Bf5 19.Nxf5 exf5 20.Bxf5 Bc5 21.O-O-O O-O
22.e6 fxe6 23.Bxe6+ Kh7 24.Rd7 Be3+ 25.Kb1 Bh6 26.g4 Rae8 27.Bf5+ Kg8 28.Rxb7 Re3
29.Bd2 Re7 30.Rxe7 Nxe7 31.Be6+ Kh7 32.g5 Rf2 33.Bc1  1-0

[Event "6th ch-EURw"]
[Site "Chisinau MDA"]
[Date "2005.06.22"]
[Round "11"]
[White "Melnikova,Y"]
[Black "Moser,E"]
[Result "1-0"]
[WhiteElo "2301"]
[BlackElo "2422"]

1.e4 d6 2.d4 Nf6 3.Nc3 Nbd7 4.Nge2 e5 5.g3 g6 6.Bg2 Bg7 7.O-O O-O 8.h3 exd4
9.Nxd4 Re8 10.Re1 c6 11.Bf4 Ne5 12.a4 a5 13.b3 Qc7 14.Qd2 Qb6 15.Rad1 Qb4
16.Kh2 Be6 17.Be3 Bc8 18.Nde2 Bf8 19.Nc1 c5 20.Bg5 Ned7 21.Nb5 Qxd2 22.Rxd2 Rd8
23.e5 Re8 24.Nc7 Nxe5 25.Bxf6 Ng4+ 26.hxg4 Rxe1 27.Nxa8  1-0

[Event "6th ch-EURw"]
[Site "Chisinau MDA"]
[Date "2005.06.22"]
[Round "11"]
[White "Charochkina,D"]
[Black "Chelushkina,I"]
[Result "1-0"]
[WhiteElo "2183"]
[BlackElo "2369"]

1.e4 d6 2.d4 Nf6 3.Nc3 e5 4.Nf3 Nbd7 5.Bc4 Be7 6.O-O O-O 7.Re1 c6 8.a4 b6
9.b3 Bb7 10.Bb2 a6 11.Qd2 b5 12.Bd3 Re8 13.Ne2 Bf8 14.Ng3 exd4 15.Nxd4 Ne5
16.Ndf5 Ng6 17.h4 Ne5 18.Rad1 bxa4 19.bxa4 Nfd7 20.f4 Nxd3 21.Qxd3 Re6 22.Nd4 Rg6
23.h5 Rf6 24.Ndf5 Nc5 25.Qd4 d5 26.Nxg7 Bxg7 27.Qxc5 Rxf4 28.Bxg7 Kxg7 29.Nf5+ Rxf5
30.exf5 Qf6 31.Re7 Bc8 32.Re8 Kh6 33.Rg8 Qe5 34.Qf8+ Kxh5 35.g4+  1-0

[Event "Open"]
[Site "Salsomaggiore ITA"]
[Date "2005.06.22"]
[Round "5"]
[White "Salvador,R"]
[Black "Di Paolo,R"]
[Result "1-0"]
[WhiteElo "2360"]
[BlackElo "2284"]

1.d4 d6 2.e4 Nf6 3.Nc3 Nbd7 4.Nf3 e5 5.Bc4 Be7 6.h3 O-O 7.Be3 c6 8.Bb3 a6
9.g4 Qa5 10.Bd2 Qc7 11.g5 Ne8 12.Rg1 exd4 13.Nxd4 Nc5 14.Qf3 b5 15.Nxc6 Nxb3
16.Nd5 Nxd2 17.Kxd2 Qd7 18.Ncxe7+ Kh8 19.g6 h6 20.gxf7  1-0

[Event "Open"]
[Site "Salsomaggiore ITA"]
[Date "2005.06.22"]
[Round "5"]
[White "Martinez,Ro"]
[Black "Jurkovic,A"]
[Result "1-0"]
[WhiteElo "2414"]
[BlackElo "2336"]

1.e4 d6 2.d4 Nf6 3.Nc3 Nbd7 4.f3 c6 5.Be3 Qc7 6.Qd2 b5 7.a4 b4 8.Nd1 a5 9.Bd3 e6
10.Ne2 Be7 11.O-O Ba6 12.Nf2 O-O 13.f4 c5 14.c3 bxc3 15.bxc3 Nb6 16.Bxa6 Rxa6
17.Qd3 Rfa8 18.dxc5 dxc5 19.c4 Rd8 20.Qb3 Nc8 21.Nc3 Na7 22.e5 Nd7 23.Rfd1 Nc6
24.Nb5 Qb7 25.Ra2 Raa8 26.Rad2 Rab8 27.Ne4 Nd4 28.Bxd4 Qxe4 29.Be3 Nb6 30.Rxd8+ Rxd8
31.Rxd8+ Bxd8 32.Nd6 Qc6 33.Qb5 Qxb5 34.Nxb5 Nd7 35.Kf1  1-0

[Event "Open"]
[Site "Salsomaggiore ITA"]
[Date "2005.06.22"]
[Round "5"]
[White "Mrdja,M"]
[Black "De Santis,A"]
[Result "1-0"]
[WhiteElo "2373"]
[BlackElo "2248"]

1.e4 d6 2.Nc3 Nf6 3.d4 c6 4.f3 e5 5.Be3 Be7 6.Qd2 b5 7.a4 b4 8.Nd1 a5 9.c3 bxc3
10.Nxc3 O-O 11.Nge2 Na6 12.Ng3 Nb4 13.Be2 Re8 14.O-O Be6 15.f4 exf4 16.Rxf4 d5
17.e5 Nd7 18.Raf1 Bg5 19.R4f2 Bxe3 20.Qxe3 g6 21.Qh6 Re7 22.Rf4 Qf8 23.Qh4 Rae8
24.Bg4 Qg7 25.Qh3 Nd3 26.R4f3 N3xe5 27.dxe5 Nxe5 28.Bxe6 Nxf3+ 29.gxf3 Rxe6
30.Qg4 f5 31.Qf4 d4 32.Nd1 c5 33.Qc1 Rc6 34.Qc4+ Qf7 35.Qb5 Qc7 36.Ne2 Rb8
37.Qd3 Qf7 38.Nc1 Rb4 39.Qd2 Rc8 40.b3 c4 41.bxc4 Rbxc4 42.Nf2 Rxa4 43.Ncd3 Ra2
44.Qf4 Ra4 45.Re1  1-0

[Event "zt 4.1"]
[Site "Taza MAR"]
[Date "2005.06.22"]
[Round "3"]
[White "Bengafer,M"]
[Black "Belkhodja,S"]
[Result "0-1"]
[WhiteElo "2296"]
[BlackElo "2471"]

1.e4 d6 2.d4 Nf6 3.Nc3 Nbd7 4.Be3 e5 5.f3 c6 6.Nge2 b5 7.d5 cxd5 8.Nxd5 Nxd5
9.Qxd5 Rb8 10.Nc3 a6 11.Qd2 Nf6 12.Bg5 Be7 13.Bxf6 Bxf6 14.Nd5 O-O 15.Be2 Bg5
16.Qd3 Be6 17.O-O Qd7 18.c3 Rfc8 19.Rfd1 Rc5 20.Nb4 Qa7 21.Kh1 a5 22.Nd5 Rbc8
23.b4 axb4 24.cxb4 Rc2 25.f4 exf4 26.Qxb5 Bxd5 27.Qxd5 Rxe2 28.Qxg5 Qe3 29.e5 h6
30.Qg4 Rcc2 31.exd6 Rxg2 32.Qxg2 Rxg2 33.Kxg2 Qe2+ 34.Kh1 f3 35.Rg1 f2  0-1

[Event "19th Open Pula"]
[Site "Pula CRO"]
[Date "2005.06.23"]
[Round "6"]
[White "Fercec,N"]
[Black "Tratar,M"]
[Result "1/2-1/2"]
[WhiteElo "2504"]
[BlackElo "2417"]

1.e4 d6 2.d4 Nf6 3.Nc3 e5 4.Nf3 Nbd7 5.Bc4 Be7 6.O-O O-O 7.Re1 c6 8.a4 b6
9.Bg5 a6 10.Bxf6 Bxf6 11.d5 c5 12.Rb1 g6 13.Bf1 Bg7 14.Nd2 Qc7 15.Nc4 Rb8
16.b4 cxb4 17.Rxb4 Bh6 18.Qb1 f5 19.Qb2 Bg5 20.Rb1 Qc5 21.Rb3 Bd8 22.Qa3 Qxa3
23.Rxa3 Bc7 24.Rab3 Kf7 25.R3b2 Ra8 26.g3 Ke7 27.Bh3 Rb8 28.Kg2 Ra8 29.f3 Rb8
30.Kg1 Ra8 31.Bg2 Rb8 32.Kh1 Ra8 33.Kg1 Rb8 34.Kh1 Ra8 35.Kg1  1/2-1/2

[Event "19th Open Pula"]
[Site "Pula CRO"]
[Date "2005.06.24"]
[Round "7"]
[White "Cebalo,M"]
[Black "Tratar,M"]
[Result "1/2-1/2"]
[WhiteElo "2507"]
[BlackElo "2417"]

1.d4 d6 2.e4 Nf6 3.Nc3 e5 4.dxe5 dxe5 5.Qxd8+ Kxd8 6.Bg5 Bd6 7.O-O-O Nd7
8.Bc4 Ke8 9.f3 a6 10.Nge2 Bc5 11.Kb1 h6 12.Bh4 c6 13.g4 b5 14.Bb3 a5 15.a4 b4
16.Na2 Ba6 17.Nac1 Be7 18.Bg3 c5 19.c4 Nh7 20.Nd3 Ng5 21.Nxe5 Nxe5 22.Bxe5 Nxf3
23.Bg3 Bc8 24.h3 h5 25.gxh5 Bb7 26.Bc2 Ng5 27.Nf4 Nxe4 28.Rhg1 Rd8 29.Rxd8+ Kxd8
30.Rd1+ Ke8 31.Bh2 Bd6 32.Re1 Bxf4 33.Bxf4 f5 34.Bd1 Kf7 35.Bc7 Nd2+ 36.Kc1 Nxc4
37.b3 Rc8 38.Bg3 Nb6 39.h6 Be4 40.hxg7 c4 41.bxc4 Nxc4 42.Bb3 Kxg7 43.Rg1 Kf6
44.Bh4+ Ke5 45.Rg7 Ne3+ 46.Kb2 Nc4+ 47.Ka2 Nd2 48.Ra7 Nxb3 49.Kxb3 Rc3+ 50.Kb2 Rxh3
51.Rxa5+ Kd4 52.Bf2+ Kd3 53.Bb6 Rh1 54.Rb5 Kc4 55.Rc5+ Kd3 56.Rb5 Kc4  1/2-1/2

[Event "zt 4.1"]
[Site "Taza MAR"]
[Date "2005.06.26"]
[Round "7"]
[White "Bengafer,M"]
[Black "Belouadah,S"]
[Result "0-1"]
[WhiteElo "2296"]
[BlackElo "2297"]

1.e4 d6 2.d4 Nf6 3.Nc3 c6 4.f3 b5 5.Be3 Qc7 6.Qd2 Nbd7 7.d5 a6 8.a4 b4 9.dxc6 bxc3
10.cxd7+ Bxd7 11.Qxc3 Qxc3+ 12.bxc3 g6 13.Bd3 Bg7 14.Ne2 O-O 15.a5 Rfc8 16.Kd2 e5
17.Rhb1 d5 18.Rb6 dxe4 19.fxe4 Bb5 20.Ng3 Bxd3 21.cxd3 Ng4 22.Nf1 f5 23.h3 Nf6
24.Bg5 Nd7 25.Rb2 fxe4 26.dxe4 Nc5 27.Rb4 Rab8 28.Rxb8 Rxb8 29.Kc2 Nxe4 30.Be3 Nxc3
31.Bb6 Rc8 32.Kb3 Nb5 33.Ne3 Rc3+ 34.Ka4 e4 35.Ra2 Bf8 36.Nd5 Rc1 37.Kb3 Rb1+
38.Kc4 Rc1+ 39.Kb3 Bg7 40.Rf2 Nd4+ 41.Bxd4 Bxd4 42.Re2 e3 43.Nb4 Rc3+ 44.Ka4 Kf7
45.Nxa6 Rd3 46.Nb4 Rd2 47.Re1 e2 48.Nd3 Rxd3 49.Rxe2 Kf6 50.Kb5 Rd1 51.Re8 Kg5
52.a6 Ra1 53.Rd8 Bg1 54.Rh8 h5 55.Rg8 h4 56.Rf8 Rb1+ 57.Ka5 Rb2 58.Rf7 Rxg2
59.Kb5 Rb2+ 60.Ka4 Ra2+ 61.Kb5 Rf2 62.Rd7 Kf4 63.Rd4+ Kf5 64.Rg4 Rb2+ 65.Kc4 Ba7
66.Rxh4 Rb6 67.Rh7 Rxa6 68.h4 Bf2 69.Rf7+ Rf6 70.Rh7 Kg4 71.h5 g5 72.Kd5 Rf8
73.h6 Kh5 74.Ke4 Kg6 75.Rd7 Kxh6 76.Rd1 g4  0-1

[Event "2nd RUS Pupils Summer Girls"]
[Site "Satka RUS"]
[Date "2005.06.27"]
[Round "1"]
[White "Ambartsumova,K"]
[Black "Ivanova,T"]
[Result "1-0"]
[WhiteElo "2171"]
[BlackElo "2043"]

1.e4 d6 2.d4 Nf6 3.Nc3 e5 4.Nge2 Be7 5.g3 c6 6.a4 exd4 7.Nxd4 d5 8.e5 Ng4
9.e6 Nf6 10.exf7+ Kxf7 11.Bg2 Re8 12.O-O a5 13.Bf4 Na6 14.Re1 Bg4 15.Qd3 Nb4
16.Qd2 Qb6 17.h3 Bd7 18.Rad1 Bc5 19.Nb3 Bf8 20.g4 Rxe1+ 21.Rxe1 Re8 22.Rxe8 Nxe8
23.Ne4 Kg8 24.c4 Bc8 25.Be3 Qd8 26.cxd5 cxd5 27.Nc3 Be6 28.Nc5 Bxc5 29.Bxc5 Na6
30.Be3 Nb4 31.Qd4 Nc6 32.Qd2 Nb4 33.Ne4 Bd7 34.Nc5 Bc6 35.b3 Qf6 36.Bd4 Qg6
37.Qe2 Qf7 38.Nd3 Nxd3 39.Qxd3 Nd6 40.Bb6 Ne4 41.Qe3 Qf6 42.Bd4 Qd6 43.f3 Nf6
44.Bc5 Qd7 45.Qe5 b5 46.axb5 Bxb5 47.Qf4 h6 48.h4 Kh7 49.Kh2 a4 50.bxa4 Bxa4
51.Bh3 Qb5 52.Bd4 Qc6 53.g5 Nh5 54.Qe5 Qc2+ 55.Bg2 hxg5 56.hxg5 Bb3 57.f4 Qd2
58.g6+ Kxg6 59.Qg5+ Kf7 60.Qxh5+ Kg8 61.Qe5  1-0

[Event "zt 4.1"]
[Site "Taza MAR"]
[Date "2005.06.27"]
[Round "8"]
[White "Adnani,M"]
[Black "Sebih,K"]
[Result "0-1"]
[WhiteElo "2228"]
[BlackElo "2318"]

1.e4 d6 2.d4 Nf6 3.Nc3 Nbd7 4.Nf3 e5 5.dxe5 dxe5 6.Bc4 Bb4 7.O-O O-O 8.Nd5 Nxd5
9.Bxd5 h6 10.a3 Bd6 11.b4 Nf6 12.Bb2 Qe7 13.Nd2 Nxd5 14.exd5 b5 15.Qe2 a5
16.Ne4 f5 17.Nxd6 cxd6 18.f4 e4 19.a4 axb4 20.axb5 Bb7 21.Qd2 Rxa1 22.Rxa1 Qc7
23.Qd4 Rf7 24.c4 bxc3 25.Bxc3 Re7 26.Re1 Qd7 27.Qb6 Bxd5 28.Rd1 Qe6 29.Qd4 Bb3
30.Re1 e3 31.b6 e2 32.h3 Bd5 33.Kf2 Bc4 34.Rb1 Ba6 35.Bd2 Kh7 36.Ra1 Bb7
37.Re1 Qg6 38.Rg1 Re4 39.Qc3 Re7 40.Qd4 Qe6 41.Re1 Ba6 42.Ra1 Bc4 43.Be1 Bd5
44.Rc1 Bb7 45.Rc2 Ba6 46.Rc6 Rd7 47.Rc7 Rxc7 48.bxc7 Qd7 49.Qb6 Bc4 50.Qb7 Be6
51.Bc3 Qc8 52.Qa7 Bd7 53.Kxe2 Qe8+ 54.Kd2 Bc8 55.Qd4 Qe7 56.Qb6 Qe6 57.Qd4 Qe7
58.Ba5 Ba6 59.Qe3 Qf7 60.Ke1 Qd5 61.Qd2 Qc4 62.Kf2 d5 63.Bb6 Qc6 64.Qd4 Kg6
65.Ba5 Kh7 66.Kg3 Qd6 67.Kh2 g5 68.g3 Qe6 69.Qd2 d4 70.Qxd4 Qe2+ 71.Kg1 Bb7
72.Qd7+ Kg6 73.Qd6+ Kh5 74.Qd2 Qf3 75.c8=Q Qxg3+ 76.Kf1 Qxh3+ 77.Ke1 Qh1+
78.Kf2 Qg2+ 79.Ke3 Qxd2+ 80.Bxd2 Bxc8 81.Kf2 Kh4 82.Be1 Bb7 83.Bd2 g4 84.Be1 g3+
85.Kg1 Kg4 86.Bb4  0-1

[Event "2nd RUS Pupils Summer Girls"]
[Site "Satka RUS"]
[Date "2005.06.28"]
[Round "2"]
[White "Girfanova,A"]
[Black "Kharashuta,E"]
[Result "1/2-1/2"]
[WhiteElo "1933"]
[BlackElo "2162"]

1.e4 d6 2.d4 Nf6 3.Nc3 e5 4.Nf3 Nbd7 5.Bc4 Be7 6.O-O O-O 7.Re1 c6 8.a4 a5
9.h3 h6 10.dxe5 dxe5 11.Qe2 Re8 12.Ba2 Bb4 13.Nh4 Nc5 14.Qf3 Be6 15.Nf5 Bxa2
16.Rxa2 Bxc3 17.Qg3 Ne6 18.bxc3 Kh7 19.Rb2 Rb8 20.Qf3 Ng5 21.Bxg5 hxg5 22.Rd1 Qc7
23.Rd6 Re6 24.Rd3 b5 25.Ne3 bxa4 26.Ra2 Kg8 27.Nc4 Nd7 28.Qe3 g4 29.Qe1 Nc5
30.Rg3 gxh3 31.Rxh3 Rg6 32.Qe3 Qe7 33.Nxa5 Rb1+ 34.Kh2 Qd8 35.Rg3 Qxa5 36.Rxg6 fxg6
37.Qh3 Qd8 38.c4 Qf8 39.Ra3 Qxf2 40.Qc8+ Qf8 41.Qxc6 Qf4+ 42.Rg3 Rh1+ 43.Kxh1 Qxg3
44.Qxc5 a3 45.Qd5+ Kh7 46.c5 Qc3 47.c6 Qxc2 48.Qe6 a2 49.Qh3+ Kg8 50.Qe6+ Kf8
51.Qd6+ Kf7 52.Qd7+ Kf6 53.Qd8+ Ke6 54.Qd7+ Kf6 55.Qd8+  1/2-1/2

[Event "zt 4.1"]
[Site "Taza MAR"]
[Date "2005.06.28"]
[Round "9"]
[White "Belkhodja,S"]
[Black "Sebih,K"]
[Result "1-0"]
[WhiteElo "2471"]
[BlackElo "2318"]

1.e4 d6 2.d4 Nf6 3.Nc3 e5 4.Nf3 Nbd7 5.Bc4 Be7 6.O-O O-O 7.a4 h6 8.a5 c6
9.Ba2 Re8 10.Re1 Qc7 11.h3 Nf8 12.Be3 Ng6 13.Qd2 Bf8 14.d5 Bd7 15.a6 Ne7
16.Nxe5 dxe5 17.d6 Qc8 18.dxe7 Bxe7 19.axb7 Qxb7 20.Bc4 Red8 21.Ba6 Qc7 22.Qe2 Rdb8
23.b3 Be6 24.Bd2 Bb4 25.Na4 c5 26.c3 Ba5 27.Bc4 Re8 28.Bxe6 Rxe6 29.Nb2 Bb6
30.Nc4 Qc6 31.f3 Ne8 32.Be3 Rb8 33.Red1 Nf6 34.Qc2 Qb5 35.Bf2 Nh5 36.g3 Qe8
37.Kh2 Rd8 38.Rxd8 Qxd8 39.Rd1 Qe8 40.Ne3 Nf6 41.c4 Nh7 42.Nd5 Rc6 43.Qa2 Ng5
44.Qa4 Qe6 45.g4 Rc8 46.Rd3 g6 47.Bg3 Kg7 48.Qa1 f6 49.h4 Nf7 50.Qd1 Rb8
51.Ne3 Rb7 52.h5 gxh5 53.Nf5+ Kh7 54.gxh5 Ng5 55.Kg2 Rc7 56.Bh4 Qf7 57.Bxg5 hxg5
58.h6 Ba5 59.Rd6 Kg6 60.Ne3 Qe8 61.Ng4 Rf7 62.Qd5 Bc3 63.Rd8 Qe7 64.Rg8+ Kh7
65.Qd8 Qxd8 66.Rxd8 Kg6 67.Rd6 Kh7 68.Nxf6+ Kxh6 69.Nd5+  1-0